History Quiz

Random History or Year Quiz

Which 2000s Year? Quiz Stats

 Plays Quiz Updated Mar 28, 2019

Score 0/10 Timer 04:00
3 Plays Today
Question Answer Wrong Answers
Which event took place in the year 2001? September 11th attacks
93.7%
Death of the Queen Mother
1.3%
Superbowl Wardrobe Malfunction
3.6%
England wins Rugby WC
1.3%
Which event took place in the year 2008? Election of Barack Obama
84%
2003 Northeast Blackout
4.6%
Eyjafjallajökull Eruption
5.3%
Mayweather vs. Pacquiao
3.1%
Which event took place in the year 2000? Bush-Gore Debate
73.5%
France wins the WC
8.6%
Fall of Iraq
6.1%
Halle Berry Best Actress
11.5%
Which event took place in the year 2004? Boxing Day Tsunami
60.5%
Kanye interrupts Taylor Swift
8.6%
Helmet Catch
15.3%
Chilean Miners Saved
14.1%
Which event took place in the year 2006? WC Final Headbutt
58.8%
Friends Finale
17.2%
Avatar Grosses 1 billion
11.8%
First Youtube Video
10.2%
Which event took place in the year 2005? Merkel becomes Chancellor
55.4%
Beijing 100m final
9.3%
Prince William Wedding
9.6%
Nelson Mandela Funeral
23.9%
Which event took place in the year 2009? Sully lands in the Hudson
53.2%
Assassination of Bin Laden
14.1%
Francis becomes Pope
18.9%
Michael Moore Oscar Speech
10.2%
Which event took place in the year 2003? Columbia Disaster
38.5%
Hurricane Katrina
12.7%
Britney at the VMAs
35.2%
NHL Lockout
12.4%
Which event took place in the year 2007? Brown becomes UK PM
34.5%
Clemens Testifies at Congress
16.8%
Breaking Bad Pilot
20.3%
Kim Jong-Il Death
25.9%
Which event took place in the year 2002? 2002 Gibraltar Referendum
26.5%
First iPhone
24.5%
Death of John Paul II
34.6%
James Cameron Oscar
13.6%

You're not logged in!

Compare scores with friends on all Sporcle quizzes.
OR
Log In

Sporcle TV

Today on Sporcle TV


Watch our educational content, quiz creation guides, and fun videos on Sporcle TV.

Show Comments

Extras

Top Quizzes Today


Score Distribution

Your Account Isn't Verified!

In order to create a playlist on Sporcle, you need to verify the email address you used during registration. Go to your Sporcle Settings to finish the process.

Report this User

Report this user for behavior that violates our Community Guidelines.

Details: